000 00697nam a2200217 a 4500
005 20140224092049.0
008 140224b1998 ck ||||| |||| 00| 0 spa d
041 _aspa
044 _ack
090 _aLB
_b00800
110 _bColombia. Ministerio del Interior. Dirección General de Asuntos Indígenas
_99299
245 _aPueblos indígenas en el país y en América
_belementos de política nacional e internacional
260 _aBogotá
_bEl Ministerio
_c1998
300 _a151 p.
650 _aComunidades indígenas
_99300
650 _aDiversidad cultural
_93644
650 _aPolítica
_93937
650 _aLegislación
_99301
662 _aColombia
_cAmérica Latina
942 _cImpreso
_2z
999 _c813
_d813